• 首页
  • 本馆介绍
  • 公告通知
  • 最新文献
  • 馆藏检索
  • 电子资源
  • 读者导购
  • 参考咨询
  • 我的图书馆
  • 登录
  • 详细信息显示
  • 放入我的书架
  • 预约/预借图书
  • 作者相关作品
  • 分类相关作品
  • 丛书相关作品
  • 出版社相关作品

书目信息

  • 表格格式
  • 工作单格式
  • 卡片格式
题名:
表面活性剂、胶体与界面化学基础
    
 
作者: 崔正刚 主编
分册:  
出版信息: 北京   化学工业出版社  2013.01
页数: 350页
开本: 26cm
丛书名:
单 册:
中图分类: TQ423 , O648 , O647.2
科图分类:
主题词: 物理化学 , 胶体化学 , 表面化学 , 量子化学
电子资源:
ISBN: 978-7-122-15855-0
000 01147nam0 2200289 450
001 102
005 20180921084519.53
010    @a978-7-122-15855-0@dCNY59.00
100    @a20130329d2013 em y0chiy50 ea
101 0  @achi
102    @aCN@b110000
105    @aa z 000yy
200 1  @a表面活性剂、胶体与界面化学基础@9biao mian huo xing ji jiao ti yu jie mian hua xue ji chu@dFundamentals of surfactants, colloids, and interface chemistry@f崔正刚主编@zeng
210    @a北京@c化学工业出版社@d2013.01
215    @a350页@c图@d26cm
330    @a本书以“表面活性剂的溶液化学”为主,着重阐述了表面活性剂的作用原理,同时涉及表面活性剂相关的胶体化学、界面化学等内容,包括表(界)张力、弯曲界面、自溶液的吸附、双电层以及单分子层等溶液表面化学的基本概念和相关理论;表面活性剂溶液化学等。
510 1  @aFundamentals of surfactants, colloids, and interface chemistry@zeng
606 0  @a物理化学
606 0  @a胶体化学
606 0  @a表面化学
606 0  @a量子化学
690    @aTQ423@v5
690    @aO648@v5
690    @aO647.2@v4
701  0 @a崔正刚@9cui zheng gang@f(1958~)@4主编
801  0 @aCN@b91MARC@c20130904
905    @aMuseLib@dO647.2@e18
    
    表面活性剂、胶体与界面化学基础=Fundamentals of surfactants, colloids, and interface chemistry/崔正刚主编.-北京:化学工业出版社,2013.01
    350页:图;26cm
    
    
    ISBN 978-7-122-15855-0:CNY59.00
    本书以“表面活性剂的溶液化学”为主,着重阐述了表面活性剂的作用原理,同时涉及表面活性剂相关的胶体化学、界面化学等内容,包括表(界)张力、弯曲界面、自溶液的吸附、双电层以及单分子层等溶液表面化学的基本概念和相关理论;表面活性剂溶液化学等。
●
相关链接 在E读中查询图书 在五车中查询图书 在当当中查询图书 在豆瓣中查询图书


正题名:表面活性剂、胶体与界面化学基础     索取号:O647.2/18         预约/预借

序号 登录号 条形码 馆藏地/架位号 状态 备注
1 1118249   211182496   第三借阅区/ [索取号:O647.2/18] 在馆    
2 1118250   211182502   化学系资料室/ [索取号:O647.2/18] 在馆    
3 1118251   211182511   第三借阅区/ [索取号:O647.2/18] 在馆    
4 1118252   211182520   第三借阅区/ [索取号:O647.2/18] 在馆    
5 1118253   211182539   第三借阅区/ [索取号:O647.2/18] 在馆    
6 546173   205461739   第二样本阅览室/ [索取号:O647.2/18] 在馆    
7 546174   205461748   密集书库-化学系/ [索取号:O647.2/18] 在馆    
8 546175   205461757   第三借阅区/ [索取号:O647.2/18] 在馆    
9 546176   205461766   第三借阅区/ [索取号:O647.2/18] 在馆    
唐山师范学院图书馆 欢迎您!
大连网信软件有限公司© 版权所有